| 000 | 007470000a22002050004500 | ||
|---|---|---|---|
| 041 | 0 | _aSPA | |
| 082 | 0 | 4 | _aG 150.12 P7241f |
| 100 | 1 | _aPlé, Albert | |
| 245 | 1 | 0 | _aFreud y la religión / Albert Plé ; José Luis Legaza, Traductor |
| 260 | _aMadrid, España : Biblioteca de Autores Cristianos | ||
| 300 | _a216 Pag. | ||
| 500 | _aTítulo original : Freud et la religion | ||
| 505 | 0 | 0 | _apsicoanálisis y religión -- la religión según Freud -- un problema personal de Freud -- ¿hacia "otra cosa"? -- la teología y Freud |
| 650 | 1 | 4 | _aPSICOLOGIA DE LA RELIGION \ PSICOANALISIS Y RELIGION |
| 001 | 1054 | ||
| 942 | _cBK | ||
| 999 |
_c32415 _d32415 |
||
| 336 |
_atexto _btxt _2rdacontent |
||
| 337 |
_2rdamedia _asin mediación _bn |
||
| 338 |
_2rdacarrier _avolumen _bnc |
||